000
00232nam a22000857a 4500
008
160928b xxu||||| |||| 00| 0 eng d
100
_9
803
_a
Ridout.C.J.
245
_a
The Path to English-4
260
_a
New Delhi
_b
S. Chand Publications
_c
2012
999
_c
3457
_d
3457